| 000 | 00635nam a22002172 4500 | ||
|---|---|---|---|
| 001 | 0000019453 | ||
| 005 | 20151217145915.0 | ||
| 008 | 101116s xx 000 0 eng d | ||
| 020 | _a1406746709 : | ||
| 040 |
_aKABU _cKABU |
||
| 100 | 1 |
_aSynge, John L. _@0000179167 |
|
| 245 | 1 | 0 |
_aPrinciples of mechanics / _cJohn L. Synge and Byron A. Griffith. |
| 250 | _a2nd ed. | ||
| 260 |
_aNew York : _bMcGraw-Hill, _c1949. |
||
| 300 | _axi, 530 p. | ||
| 650 | 0 |
_aMechanics. _@0000024001 |
|
| 700 | 1 |
_aGriffith, Byron A. _@0000179168 |
|
| 852 | 1 | _9p3965 KES | |
| 908 | _a101116 | ||
| 950 | _@1 | ||
| 999 |
_c3941 _d3941 |
||